Кн. 2 : Первая жертва. Охотник-жертва; Миры Роберта Шекли

Dades bibliogràfiques
Parent link:Миры Роберта Шекли: в 8 кн./ Р. Шекли. Кн. 2 : Первая жертва. Охотник-жертва.— , 1994-
Idioma:rus
Publicat: 1994
Matèries:
Format: MixedMaterials Llibre
KOHA link:https://koha.lib.tpu.ru/cgi-bin/koha/opac-detail.pl?biblionumber=344248

MARC

LEADER 00000nam2a2200000 4500
001 344248
005 20231102005638.0
010 |a 5881320743  
035 |a (RuTPU)RU\TPU\book\375558 
090 |a 344248 
100 |a 20200116d1994 m y0rusy50 ca 
101 1 |a rus  |c eng 
102 |a LV 
105 |a y z 000ay 
200 0 |a Кн. 2 : Первая жертва. Охотник-жертва 
210 |d 1994 
215 |a 447 с. 
461 1 |0 (RuTPU)RU\TPU\book\375622  |t Миры Роберта Шекли  |o в 8 кн.  |o пер. с англ.  |f Р. Шекли  |v Кн. 2 : Первая жертва. Охотник-жертва  |d 1994-  
606 1 |a Американская литература (англо-язычная литература)  |2 stltpush  |3 (RuTPU)RU\TPU\subj\28887  |9 52349 
610 1 |a художественная литература 
610 1 |a фантастика 
610 1 |a романы 
675 |a 82  |v 4 
801 1 |a RU  |b 63413507  |c 20200116 
801 2 |a RU  |b 63413507  |c 20200203  |g RCR 
942 |c BK